00854cam a2200241 a 4500008004100000020002300041050001500064245015300079250001200232260004200244300003400286500002000320504004100340651003800381651003400419650003600453700002400489700002100513740005100534003000100585005001700586040000900603  a156134060X (pbk. )00aHN59.2 TAK00aTaking sides :bclashing views on controversial social issues /c[edited, selected, and with introductions by] Kurt Finsterbusch and George McKenna. a7th ed. aGuilford:bDushkin Pub. Group,c1992. axix, 384 p. :bill. ;c24 cm. aIncludes index. aIncludes bibliographical references. 0aUnited StatesxSocial conditions. 0aUnited StatesxSocial policy. 0aSocial conflictzUnited States.1 aFinsterbusch, Kurt.1 aMcKenna, George.0 aClashing views on controversial social issues.20230123134345.0 cNUST